The FOREST resources of the temperate zones : the UN-ECE/FAO 1990 forest resource assessment

Bibliographic Details
Corporate Authors: Food and Agriculture Organization of the United Nations (FAO), United Nations. Economic Commission for Europe
Format: Book
Published: New York : United Nations , 1992-1993
Subjects:

MARC

LEADER 00000cam a2200000 7i4500
001 0000002601
005 20030826.0
020 0 0 |a 9211165652 
090 0 0 |a 333.750912   |b FOR 1992 
245 0 4 |a The FOREST resources of the temperate zones :   |b the UN-ECE/FAO 1990 forest resource assessment 
260 0 0 |a New York :   |b United Nations ,   |c 1992-1993 
300 |a v. :   |b ill. ;   |c 30 cm. 
500 0 0 |a v. 2. Benefits and functions of the forest 
650 0 0 |a Forest influences 
650 0 0 |a Forest surveys 
650 0 0 |a Forests and forestry 
650 0 0 |a Forests and forestry   |x Statistics 
710 1 1 |a Food and Agriculture Organization of the United Nations (FAO) 
710 1 1 |a United Nations. Economic Commission for Europe 
998 |a JPSM 
999 |a 0000003163   |b Monograph   |c Open Shelf   |e Default branch